[Event "AUTO-MASTER-2931"]
[Site "http://www.queenalice.com/game.php?id=1602824"]
[Date "2020.3.17"]
[Round "1"]
[White "CCapivara"]
[Black "noslida"]
[Result "0-1"]
[WhiteElo "2107"]
[BlackElo "2141"]

1. e4 c5 2. Nf3 e6 3. d4 cxd4 4. Nxd4 Nc6 5. Nc3 Qc7 6. Be3 a6 7. Be2 Be7 8. Qd2
b5 9. O-O-O Nf6 10. f3 Bb7 11. g4 Nxd4 12. Bxd4 O-O 13. h4 Rfc8 14. h5 b4 15.
Na4 Nxe4 16. fxe4 Bg5 0-1

[Event "AUTO-MASTER-2931"]
[Site "http://www.queenalice.com/game.php?id=1602825"]
[Date "2020.3.17"]
[Round "1"]
[White "noslida"]
[Black "StenioVS"]
[Result "1-0"]
[WhiteElo "2157"]
[BlackElo "2131"]

1. e4 e5 2. Nf3 Nc6 3. Bc4 Nf6 4. Ng5 d5 5. exd5 b5 6. Bf1 Qxd5 7. Nc3 Qc5 8.
Bxb5 Be7 9. O-O O-O 10. d3 Bg4 11. Qe1 Nd4 12. Ba4 h6 13. Nge4 Qb6 14. Nxf6+
Bxf6 15. Be3 Rab8 16. f3 Bh5 17. Nd5 Qd6 18. Nxf6+ Qxf6 19. Bxd4 exd4 20. Qa5
Bg6 21. Qxc7 Rbc8 22. Qxa7 Rxc2 23. Bxc2 1-0

[Event "AUTO-MASTER-2931"]
[Site "http://www.queenalice.com/game.php?id=1602826"]
[Date "2020.3.17"]
[Round "1"]
[White "StenioVS"]
[Black "noslida"]
[Result "0-1"]
[WhiteElo "2151"]
[BlackElo "2214"]

1. d4 Nf6 2. c4 e6 3. g3 Be7 4. Bg2 O-O 5. Nf3 b6 6. O-O Bb7 7. Nc3 Ne4 8. Qd3
Nxc3 9. Qxc3 c5 10. dxc5 bxc5 11. Rd1 Nc6 12. Bf4 d6 13. Qd2 Qb6 14. b3 Rfd8 15.
Bg5 a5 16. Bxe7 Nxe7 17. Rac1 a4 18. Qc2 axb3 19. Qxb3 Qa6 20. Rb1 Bc6 21. Qb6
Qc8 22. h4 Rxa2 23. Ra1 Rxa1 24. Rxa1 Rd7 25. Ra7 Rxa7 26. Qxa7 Kf8 27. Ng5 h6
28. Ne4 Qd8 29. Nc3 Bxg2 30. Kxg2 Nc6 31. e3 Nxa7 0-1

[Event "AUTO-MASTER-2931"]
[Site "http://www.queenalice.com/game.php?id=1602827"]
[Date "2020.3.17"]
[Round "1"]
[White "noslida"]
[Black "chessman"]
[Result "1-0"]
[WhiteElo "2209"]
[BlackElo "1966"]

1. e4 e6 2. d4 d5 3. Nd2 Nf6 4. e5 Nfd7 5. c3 c5 6. Bd3 Nc6 7. Ne2 cxd4 8. cxd4
Qb6 9. Nb3 Be7 10. O-O O-O 11. Nf4 Re8 12. Re1 Nf8 13. Qh5 Bd7 14. Re3 Nxd4 15.
Bxh7+ Nxh7 16. Rh3 1-0

[Event "AUTO-MASTER-2931"]
[Site "http://www.queenalice.com/game.php?id=1602828"]
[Date "2020.3.17"]
[Round "1"]
[White "chessman"]
[Black "noslida"]
[Result "0-1"]
[WhiteElo "1956"]
[BlackElo "2225"]

1. e4 c5 2. Nf3 e6 3. d4 cxd4 4. Nxd4 Nc6 5. Be2 Bc5 6. Be3 Qb6 7. Nb3 Bxe3 8.
fxe3 Qxe3 9. Qd3 Qxd3 10. cxd3 a5 11. O-O b6 12. Nc3 Ba6 13. a3 Nge7 14. Rad1
Rd8 15. d4 Bxe2 16. Nxe2 d5 17. e5 a4 18. Nd2 Nf5 19. Rf4 g5 20. Rf3 Ncxd4 21.
Nxd4 Nxd4 22. Rf2 h6 23. Nf3 Nf5 24. Rc1 O-O 25. Rc6 Rb8 26. Rd2 Rfc8 27. Rdc2
Rxc6 28. Rxc6 b5 29. Rc2 Ne3 30. Re2 Nc4 31. Nd4 b4 32. Nc6 bxa3 33. bxa3 Rb3
0-1

[Event "AUTO-OPEN-4109"]
[Site "http://www.queenalice.com/game.php?id=1603796"]
[Date "2020.3.23"]
[Round "2"]
[White "noslida"]
[Black "POLONIANYSA"]
[Result "1/2-1/2"]
[WhiteElo "2224"]
[BlackElo "2252"]

1. e4 e5 2. Nf3 Nc6 3. Bc4 Nf6 4. Ng5 d5 5. exd5 Na5 6. Bb5+ c6 7. dxc6 bxc6 8.
Bd3 Nd5 9. Nf3 Bd6 10. O-O Nf4 11. Re1 Nxd3 12. cxd3 O-O 13. Nxe5 c5 14. Nc3 Bb7
15. b3 Re8 16. Nc4 Nxc4 17. Rxe8+ Qxe8 18. dxc4 Qe5 19. g3 Re8 20. Bb2 h5 21.
Rb1 Qf5 22. Qf1 h4 1/2-1/2

[Event "AUTO-OPEN-4109"]
[Site "http://www.queenalice.com/game.php?id=1603797"]
[Date "2020.3.23"]
[Round "2"]
[White "POLONIANYSA"]
[Black "noslida"]
[Result "1/2-1/2"]
[WhiteElo "2238"]
[BlackElo "2224"]

1. e4 c5 2. Nf3 e6 3. d4 cxd4 4. Nxd4 Nc6 5. Nc3 Qc7 6. Be3 a6 7. f3 b5 8. Qd2
Ne5 9. O-O-O Nf6 10. Kb1 Be7 11. g4 b4 12. Na4 h6 13. c4 d6 14. Qxb4 Bd7 15. Qb6
Qc8 16. Qa5 Qb7 17. Qb6 Qc8 18. Qa5 Qb7 19. Qb6 Qc8 1/2-1/2

[Event "AUTO-OPEN-4109"]
[Site "http://www.queenalice.com/game.php?id=1603798"]
[Date "2020.3.23"]
[Round "2"]
[White "noslida"]
[Black "ivansm"]
[Result "1-0"]
[WhiteElo "2199"]
[BlackElo "2148"]

1. e4 e5 2. Nf3 Nc6 3. Bc4 Bc5 4. c3 Nf6 5. d4 exd4 6. e5 Ng4 7. cxd4 Bb4+ 8.
Nc3 Be7 9. h3 Nh6 10. Bxh6 gxh6 11. d5 Na5 12. Bd3 b6 13. O-O d6 14. b4 Nb7 15.
Bb5+ Bd7 16. Bxd7+ Qxd7 17. e6 fxe6 18. dxe6 Qc8 19. Nd5 c5 20. Nh4 Bxh4 21.
Qh5+ Kf8 22. Qf7# 1-0

[Event "AUTO-OPEN-4109"]
[Site "http://www.queenalice.com/game.php?id=1603799"]
[Date "2020.3.23"]
[Round "2"]
[White "ivansm"]
[Black "noslida"]
[Result "0-1"]
[WhiteElo "2171"]
[BlackElo "2187"]

1. e4 c5 2. Nf3 e6 3. d4 cxd4 4. Qxd4 Nc6 5. Qd1 d5 6. exd5 exd5 7. h3 Nf6 8.
Bb5 Bc5 9. O-O h6 10. Re1+ Be6 11. Ne5 Bxf2+ 12. Kh1 O-O 13. Nxc6 bxc6 14. Bxc6
Rc8 15. Rf1 Ne4 16. Ba4 Qc7 17. g4 d4 18. c3 Qg3 0-1

[Event "AUTO-OPEN-4106"]
[Site "http://www.queenalice.com/game.php?id=1614343"]
[Date "2020.5.29"]
[Round "3"]
[White "Poison"]
[Black "noslida"]
[Result "1-0"]
[WhiteElo "2889"]
[BlackElo "2323"]

1. e4 c5 2. Nf3 e6 3. d4 cxd4 4. Nxd4 Nc6 5. Nb5 d6 6. c4 Nf6 7. N1c3 a6 8. Nd4
Bd7 9. Be2 Rc8 10. Nxc6 Bxc6 11. Qd3 b5 12. cxb5 axb5 13. a3 Be7 14. O-O O-O 15.
Be3 Ra8 16. Rfc1 Qb8 17. Nxb5 Bxe4 18. Qc4 Bb7 19. Qb3 Nd5 20. Bd2 Bf6 21. Rc2
Rc8 22. Rxc8+ Bxc8 23. Rc1 Bd7 24. a4 Ne7 25. Qb4 Nc6 26. Qa3 Ne7 27. Bc3 Bg5
28. Ra1 Nd5 29. Bd4 e5 30. Ba7 Rxa7 31. Nxa7 Qxa7 32. Qxd6 Be6 33. Bc4 Nc7 34.
b3 Ne8 35. Qc6 Bd7 36. Qd5 Be6 37. Qe4 Nd6 38. Qxe5 Nxc4 39. Qxg5 Qd4 40. Qc1
Nd2 41. Qe1 Nxb3 42. Rd1 Qb6 43. a5 Nxa5 44. Qe3 Qc7 45. Qe5 Qc8 46. Qxa5 1-0

[Event "AUTO-OPEN-4106"]
[Site "http://www.queenalice.com/game.php?id=1614344"]
[Date "2020.5.29"]
[Round "3"]
[White "noslida"]
[Black "Poison"]
[Result "1-0"]
[WhiteElo "2311"]
[BlackElo "2883"]

1. d4 Nf6 2. c4 e6 3. g3 c5 4. d5 exd5 5. cxd5 d6 6. Bg2 g6 7. Nc3 Bg7 8. a4 Na6
9. Nf3 Nb4 10. O-O O-O 11. Nd2 Ng4 12. h3 Ne5 13. f4 Nd7 14. Kh2 Re8 15. e4 a5
16. Nc4 Nb6 17. Nxb6 Qxb6 18. f5 Qd8 19. Nb5 Ra6 20. f6 Bh8 21. Bh6 Bd7 22. Na3
Qb8 23. b3 b5 24. Rf2 1-0

[Event "AUTO-OPEN-4109"]
[Site "http://www.queenalice.com/game.php?id=1615720"]
[Date "2020.6.9"]
[Round "3"]
[White "cerenzo72"]
[Black "noslida"]
[Result "0-1"]
[WhiteElo "2155"]
[BlackElo "2269"]

1. e4 e6 2. Nf3 d5 3. e5 c5 4. b3 Nc6 5. Bb5 Ne7 6. Bb2 Qc7 7. O-O a6 8. Bxc6+
Nxc6 9. Qe2 Bd7 10. c3 f6 11. d4 fxe5 12. dxe5 Be7 13. Nbd2 O-O 14. Rad1 Be8 15.
Qe3 Bh5 16. Rfe1 Rf7 17. Rc1 Raf8 0-1

[Event "AUTO-OPEN-4109"]
[Site "http://www.queenalice.com/game.php?id=1615721"]
[Date "2020.6.9"]
[Round "3"]
[White "noslida"]
[Black "cerenzo72"]
[Result "1-0"]
[WhiteElo "2278"]
[BlackElo "2146"]

1. d4 Nf6 2. c4 d6 3. Nc3 Nbd7 4. Nf3 c6 5. e4 e5 6. Be2 Be7 7. O-O O-O 8. Qc2
exd4 9. Nxd4 Ne5 10. f4 Ng6 11. Be3 c5 12. Nf5 Bxf5 13. exf5 Nh8 14. Rad1 b6 15.
Bf3 Rc8 16. g4 Re8 17. Rfe1 Nd7 18. g5 f6 19. Bd5+ Kf8 20. Qg2 fxg5 21. fxg5 Ne5
22. Bf4 Nef7 23. Ne4 1-0

[Event "AUTO-OPEN-4109"]
[Site "http://www.queenalice.com/game.php?id=1615724"]
[Date "2020.6.9"]
[Round "3"]
[White "bmax"]
[Black "noslida"]
[Result "0-1"]
[WhiteElo "2185"]
[BlackElo "2240"]

1. d4 e6 2. Nf3 Nf6 3. Bf4 b6 4. e3 Be7 5. c4 O-O 6. Bd3 Bb7 7. Nc3 Nh5 8. O-O
Nxf4 9. exf4 Bf6 10. Rc1 Bxf3 11. Qxf3 Nc6 12. d5 Nd4 13. Qe3 Re8 14. Ne4 g6 15.
Nxf6+ Qxf6 16. Qe5 Qxe5 17. fxe5 Rad8 18. Rfd1 exd5 19. cxd5 c6 20. dxc6 dxc6
21. f4 Kg7 22. g3 a5 23. Be4 Ne2+ 0-1

[Event "AUTO-OPEN-4109"]
[Site "http://www.queenalice.com/game.php?id=1615725"]
[Date "2020.6.9"]
[Round "3"]
[White "noslida"]
[Black "bmax"]
[Result "1-0"]
[WhiteElo "2229"]
[BlackElo "2196"]

1. d4 d5 2. c4 Nc6 3. Nf3 Bg4 4. cxd5 Qxd5 5. Nc3 Qa5 6. d5 O-O-O 7. Nd2 Nb4 8.
f3 Bh5 9. Nc4 Qa6 10. e4 e6 11. Bf4 exd5 12. Nd6+ Qxd6 13. Bxd6 Bxd6 14. a3 Nc6
15. exd5 Ne5 16. g4 Bg6 17. f4 1-0

[Event "AUTO-OPEN-4109"]
[Site "http://www.queenalice.com/game.php?id=1615728"]
[Date "2020.6.9"]
[Round "3"]
[White "noslida"]
[Black "POLONIANYSA"]
[Result "1/2-1/2"]
[WhiteElo "2258"]
[BlackElo "2340"]

1. d4 d5 2. c4 e5 3. dxe5 d4 4. Nf3 Nc6 5. Nbd2 Nge7 6. Nb3 Nf5 7. e4 dxe3 8.
Qxd8+ Nxd8 9. fxe3 c5 10. Bd2 Be7 1/2-1/2

[Event "AUTO-OPEN-4109"]
[Site "http://www.queenalice.com/game.php?id=1615729"]
[Date "2020.6.9"]
[Round "3"]
[White "POLONIANYSA"]
[Black "noslida"]
[Result "1/2-1/2"]
[WhiteElo "2342"]
[BlackElo "2267"]

1. e4 e6 2. d4 d5 3. Nc3 Bb4 4. Qg4 Nf6 5. Qxg7 Rg8 6. Qh6 Rg6 7. Qh4 Nxe4 8.
Qxd8+ Kxd8 9. Ne2 b6 10. f3 Nxc3 11. bxc3 Ba5 12. Bd2 Ba6 13. g4 Ke7 14. Nf4
1/2-1/2

[Event "AUTO-MASTER-2931"]
[Site "http://www.queenalice.com/game.php?id=1617203"]
[Date "2020.6.18"]
[Round "2"]
[White "pizzaiolo72"]
[Black "noslida"]
[Result "0-1"]
[WhiteElo "2108"]
[BlackElo "2260"]

1. d4 e6 2. c4 Nf6 3. Nc3 Bb4 4. a3 Bxc3+ 5. bxc3 b6 6. Nf3 Ne4 7. Qc2 f5 8. e3
c5 9. Bd3 Bb7 10. Bxe4 Bxe4 11. Qe2 O-O 12. O-O Qf6 13. Nd2 Bb7 14. Bb2 Nc6 15.
Nb3 Ba6 16. dxc5 Ne5 17. Rfd1 Bxc4 18. Qc2 Qh4 19. Rd4 Bxb3 20. Qxb3 Ng4 21.
Rxg4 fxg4 22. cxb6 Qxf2+ 23. Kh1 Qf1+ 24. Rxf1 Rxf1# 0-1

[Event "AUTO-MASTER-2931"]
[Site "http://www.queenalice.com/game.php?id=1617204"]
[Date "2020.6.18"]
[Round "2"]
[White "noslida"]
[Black "pizzaiolo72"]
[Result "1-0"]
[WhiteElo "2250"]
[BlackElo "2127"]

1. d4 Nf6 2. c4 d5 3. cxd5 Nxd5 4. Nf3 Nc6 5. e4 Nb6 6. d5 Na5 7. Bd2 Nac4 8.
Bxc4 Nxc4 9. Qa4+ Bd7 10. Qxc4 e6 11. Nc3 Be7 12. O-O O-O 13. Rfd1 c6 14. d6
Bxd6 15. Be3 Qc7 16. Qd4 1-0

[Event "AUTO-MASTER-2931"]
[Site "http://www.queenalice.com/game.php?id=1617205"]
[Date "2020.6.18"]
[Round "2"]
[White "WeirdGoblin"]
[Black "noslida"]
[Result "0-1"]
[WhiteElo "2320"]
[BlackElo "2286"]

1. d4 e6 2. c4 Nf6 3. Nf3 d5 4. Nc3 dxc4 5. e3 a6 6. Bxc4 b5 7. Bb3 c5 8. O-O
Bb7 9. Qe2 Nbd7 10. Rd1 Qb8 11. d5 c4 12. dxe6 fxe6 13. Bc2 Bd6 14. a3 Bc7 15.
e4 O-O 16. h3 Ne5 17. Nd4 Qe8 18. f4 Nd3 19. Bxd3 cxd3 20. Rxd3 e5 21. fxe5 Qxe5
22. Nf3 Qe8 23. Kh1 Nxe4 24. Nxe4 Bxe4 25. Re3 Bxf3 26. gxf3 Qd7 0-1

[Event "AUTO-MASTER-2931"]
[Site "http://www.queenalice.com/game.php?id=1617206"]
[Date "2020.6.18"]
[Round "2"]
[White "noslida"]
[Black "WeirdGoblin"]
[Result "1-0"]
[WhiteElo "2299"]
[BlackElo "2307"]

1. d4 Nf6 2. c4 e6 3. g3 d5 4. Bg2 dxc4 5. Nf3 Nc6 6. Qa4 Bb4+ 7. Bd2 Nd5 8.
Bxb4 Nxb4 9. O-O Rb8 10. Na3 a6 11. Ne5 O-O 12. Bxc6 Nxc6 13. Nxc6 bxc6 14. Nxc4
Qxd4 15. Rfd1 Qg4 16. f3 Qf5 17. Rac1 Qc5+ 18. Kg2 Rb4 19. Qa3 Qb5 20. Qc3 a5
21. Rd2 Ba6 22. b3 a4 23. Nb2 c5 24. Nxa4 c4 25. Nb2 cxb3 26. a3 Ra4 27. Nxa4
1-0

[Event "AUTO-OPEN-4107"]
[Site "http://www.queenalice.com/game.php?id=1625086"]
[Date "2020.8.25"]
[Round "2"]
[White "noslida"]
[Black "speedmaxL"]
[Result "1/2-1/2"]
[WhiteElo "2334"]
[BlackElo "2504"]

1. d4 Nf6 2. c4 e6 3. Nf3 d5 4. cxd5 exd5 5. Nc3 c6 6. Bf4 Bf5 7. e3 Nbd7 8. Be2
Be7 9. h3 h6 10. O-O O-O 11. Ne5 Nxe5 12. Bxe5 Re8 13. Bd3 Bxd3 14. Qxd3 a5 15.
a3 Bf8 16. Qc2 Nd7 17. Bh2 Nb6 18. Rfd1 a4 19. Re1 Re6 20. Reb1 1/2-1/2

[Event "AUTO-OPEN-4107"]
[Site "http://www.queenalice.com/game.php?id=1625087"]
[Date "2020.8.25"]
[Round "2"]
[White "speedmaxL"]
[Black "noslida"]
[Result "0-1"]
[WhiteElo "2501"]
[BlackElo "2339"]

1. Nf3 d5 2. g3 c5 3. Bg2 e6 4. O-O Nf6 5. d3 Nc6 6. Nbd2 a5 7. e4 a4 8. Re1 Be7
9. c3 h6 10. d4 O-O 11. e5 Nd7 12. Nf1 b5 13. a3 cxd4 14. cxd4 Na5 15. h4 Nb3
16. Ra2 Ba6 17. N1h2 b4 18. Ng4 Nxc1 19. Qxc1 Rc8 0-1